000 00649nam a2200241Ia 4500
003 OSt
005 20220926023727.0
006 a|||||r|||| 00| 0
007 ta
008 220923b |||||||| |||| 00| 0 eng d
037 _cGeneral Book
040 _aRTL
_cRTL
_beng
041 _2eng
_aeng
082 _aB132, L3
100 _aComrey Andrew L
_9329507
245 0 _aFirst course in factor analysis
260 _aNY
_bAcademic Press
_c1973
300 _axii,316p.
_ccm.
500 _aBibliography P 306-09
650 _aStatistics
_935791
942 _hB132, L3
_cGB
_2CC
999 _c642177
_d642177